000 00500nam a2200181Ia 4500
008 240925s9999 xx 000 0 und d
020 _a9788131510636
082 _a621.317 SHA
100 _aShaffer , Randall
245 0 _aFundamentals of Power Electronics with MATLAB
250 _aNA
260 _aAustralia:
_bCENGAGE Learning
_c,2008.
300 _axxiii,452p.
_bN.A
_fOriginal
500 _aIncludes Illustration
600 _aElectronic Engineering
650 _aTechnology
942 _cBK
999 _c11188
_d11188